<?xml version="1.0" encoding="UTF-8"?>
<record
    xmlns:xsi="http://www.w3.org/2001/XMLSchema-instance"
    xsi:schemaLocation="http://www.loc.gov/MARC21/slim http://www.loc.gov/standards/marcxml/schema/MARC21slim.xsd"
    xmlns="http://www.loc.gov/MARC21/slim">

  <leader>01104cam a22002174a 4500</leader>
  <datafield tag="999" ind1=" " ind2=" ">
    <subfield code="c">58116</subfield>
    <subfield code="d">58116</subfield>
  </datafield>
  <controlfield tag="001">17092882</controlfield>
  <controlfield tag="005">20210618130452.0</controlfield>
  <controlfield tag="008">111222s2014    caua     b    001 0 eng  </controlfield>
  <datafield tag="020" ind1=" " ind2=" ">
    <subfield code="a">9781626365698</subfield>
  </datafield>
  <datafield tag="041" ind1=" " ind2=" ">
    <subfield code="a">eng</subfield>
  </datafield>
  <datafield tag="080" ind1=" " ind2=" ">
    <subfield code="a">376.2+616.896 C-69</subfield>
  </datafield>
  <datafield tag="100" ind1="1" ind2=" ">
    <subfield code="a">Colvin, Geoff</subfield>
    <subfield code="d"> </subfield>
    <subfield code="9">12087</subfield>
  </datafield>
  <datafield tag="245" ind1="1" ind2="0">
    <subfield code="a">Managing the cycle of meltdowns for students with autism spectrum disorder /</subfield>
    <subfield code="c">Geoff Colvin, Martin R. Sheehan : foreword by Richard L. Simpson.</subfield>
  </datafield>
  <datafield tag="264" ind1=" " ind2=" ">
    <subfield code="a">New York:</subfield>
    <subfield code="b">Skyhorse,</subfield>
    <subfield code="c">2014.</subfield>
  </datafield>
  <datafield tag="300" ind1=" " ind2=" ">
    <subfield code="a"> 227 p. :</subfield>
    <subfield code="b">ill. ;</subfield>
    <subfield code="c">26 cm.</subfield>
  </datafield>
  <datafield tag="653" ind1=" " ind2=" ">
    <subfield code="a">&#x10D0;&#x10E3;&#x10E2;&#x10D8;&#x10D6;&#x10DB;&#x10D8;&#x10E1; &#x10E1;&#x10DE;&#x10D4;&#x10E5;&#x10E2;&#x10E0;&#x10D8;&#x10E1; &#x10D0;&#x10E8;&#x10DA;&#x10D8;&#x10DA;&#x10DD;&#x10D1;&#x10D8;&#x10E1; &#x10DB;&#x10E5;&#x10DD;&#x10DC;&#x10D4; &#x10E1;&#x10E2;&#x10E3;&#x10D3;&#x10D4;&#x10DC;&#x10E2;&#x10D4;&#x10D1;&#x10D8;&#x10E1;&#x10D7;&#x10D5;&#x10D8;&#x10E1; &#x10D9;&#x10E0;&#x10D8;&#x10D6;&#x10D8;&#x10E1;&#x10D8;&#x10E1; &#x10EA;&#x10D8;&#x10D9;&#x10DA;&#x10D8;&#x10E1; &#x10DB;&#x10D0;&#x10E0;&#x10D7;&#x10D5;&#x10D0;</subfield>
  </datafield>
  <datafield tag="653" ind1=" " ind2=" ">
    <subfield code="a">&#x423;&#x43F;&#x440;&#x430;&#x432;&#x43B;&#x435;&#x43D;&#x438;&#x435; &#x446;&#x438;&#x43A;&#x43B;&#x43E;&#x43C; &#x438;&#x441;&#x442;&#x435;&#x440;&#x438;&#x43A;&#x438; &#x443; &#x441;&#x442;&#x443;&#x434;&#x435;&#x43D;&#x442;&#x43E;&#x432; &#x441; &#x440;&#x430;&#x441;&#x441;&#x442;&#x440;&#x43E;&#x439;&#x441;&#x442;&#x432;&#x43E;&#x43C; &#x430;&#x443;&#x442;&#x438;&#x441;&#x442;&#x438;&#x447;&#x435;&#x441;&#x43A;&#x43E;&#x433;&#x43E; &#x441;&#x43F;&#x435;&#x43A;&#x442;&#x440;&#x430;</subfield>
  </datafield>
  <datafield tag="700" ind1="1" ind2=" ">
    <subfield code="a">Sheehan, Martin R.</subfield>
    <subfield code="e">&#x10D0;&#x10D5;&#x10E2;&#x10DD;&#x10E0;&#x10D8;</subfield>
    <subfield code="9">12088</subfield>
  </datafield>
  <datafield tag="700" ind1="1" ind2=" ">
    <subfield code="a">Simpson, Richard L. </subfield>
    <subfield code="9">12089</subfield>
    <subfield code="e">&#x10EC;&#x10D8;&#x10DC;&#x10D0;&#x10E1;&#x10D8;&#x10E2;&#x10E7;&#x10D5;&#x10D0;&#x10DD;&#x10D1;&#x10D8;&#x10E1; &#x10D0;&#x10D5;&#x10E2;&#x10DD;&#x10E0;&#x10D8;</subfield>
  </datafield>
  <datafield tag="942" ind1=" " ind2=" ">
    <subfield code="2">udc</subfield>
    <subfield code="c">BK</subfield>
  </datafield>
  <datafield tag="952" ind1=" " ind2=" ">
    <subfield code="0">0</subfield>
    <subfield code="1">0</subfield>
    <subfield code="2">udc</subfield>
    <subfield code="4">0</subfield>
    <subfield code="6">3762616896_C69</subfield>
    <subfield code="7">0</subfield>
    <subfield code="9">90396</subfield>
    <subfield code="a">CPL</subfield>
    <subfield code="b">CPL</subfield>
    <subfield code="c">GEN</subfield>
    <subfield code="d">2021-06-18</subfield>
    <subfield code="g">88.00</subfield>
    <subfield code="o">376.2+616.896 C-69</subfield>
    <subfield code="p">61410</subfield>
    <subfield code="r">2021-06-18</subfield>
    <subfield code="t">61410</subfield>
    <subfield code="w">2021-06-18</subfield>
    <subfield code="y">BK</subfield>
    <subfield code="z">88 &#x10DA;.</subfield>
  </datafield>
</record>
